Victory (Record no. 7567)
[ view plain ]
| 000 -LEADER | |
|---|---|
| fixed length control field | 00558nam a2200229 a 4500 |
| 020 ## - INTERNATIONAL STANDARD BOOK NUMBER | |
| ISBN | |
| 082 00 - DEWEY DECIMAL CLASSIFICATION NUMBER | |
| Classification number | 956.046 |
| Author Cutter | BAS |
| 100 ## - MAIN ENTRY--AUTHOR NAME | |
| Author name | Bashan, Raphael |
| 245 ## - TITLE STATEMENT | |
| Title | Victory |
| Sub title | the Six-Day War of 1967 |
| 260 ## - PUBLICATION, DISTRIBUTION, ETC. (IMPRINT) | |
| Place of publication | Chicago |
| Name of publisher | Quadrangle Books |
| Year of publication | 1967 |
| 300 ## - PHYSICAL DESCRIPTION | |
| Number of Pages | 168p |
| 500 ## - GENERAL NOTE | |
| General note | includes index and biblioraphy |
| 505 2# - FORMATTED CONTENTS NOTE | |
| Formatted contents note | Manuscript |
| 650 ## - SUBJECT ADDED ENTRY--TOPICAL TERM | |
| Topical Term | Israel-Arab War 1967 |
| 942 ## - ADDED ENTRY ELEMENTS (KOHA) | |
| Koha item type | Books |
| Collection code | Home library | Current library | Shelving location | Date acquired | Cost, normal purchase price | Full call number | Accession Number | Koha item type |
|---|---|---|---|---|---|---|---|---|
| Reference | Henry Martyn Institute Library | Henry Martyn Institute Library | Reference | 05/30/2007 | 100.00 | 956.046 BAS | 011156 | Books |
